000 00281nam a22001217a 4500
008 170713b xxu||||| |||| 00| 0 eng d
041 _aeng
080 _a10(-81)
100 _a24
101 _aFIL
245 _a A HISTORY OF WESTERN PHILOSOPHY
_cHAMLYN.D.W
942 _2udc
_cBK
999 _c20595
_d20595